Women in science / (Record no. 1796)

MARC details
000 -LEADER
fixed length control field 00846cam a22002657i 4500
005 - DATE AND TIME OF LATEST TRANSACTION
control field 20231211152536.0
020 ## - INTERNATIONAL STANDARD BOOK NUMBER
International Standard Book Number 9780593377642
Qualifying information (board)
020 ## - INTERNATIONAL STANDARD BOOK NUMBER
Canceled/invalid ISBN 9780593381168
Qualifying information (ebook)
020 ## - INTERNATIONAL STANDARD BOOK NUMBER
International Standard Book Number 9781526361004
040 ## - CATALOGING SOURCE
Original cataloging agency DLC
Language of cataloging eng
Description conventions rda
Transcribing agency DLC
Modifying agency DLC
-- FISKH
050 00 - LIBRARY OF CONGRESS CALL NUMBER
Classification number Q141.I33
082 ## - DEWEY DECIMAL CLASSIFICATION NUMBER
Classification number 509.2
100 1# - MAIN ENTRY--PERSONAL NAME
Personal name Ignotofsky, Rachel,
Dates associated with a name 1989-
Relator term author.
245 10 - TITLE STATEMENT
Title Women in science /
Statement of responsibility, etc. by Rachel Ignotofsky.
300 ## - PHYSICAL DESCRIPTION
Extent 127 pages :
Other physical details color illustrations ;
Dimensions 20 cm
505 ## - FORMATTED CONTENTS NOTE
Formatted contents note U
520 ## - SUMMARY, ETC.
Summary, etc. "Inspire budding scientists with this new edition of the New York Times bestseller, created especially for younger readers!"--
Assigning source Provided by publisher.
521 ## - TARGET AUDIENCE NOTE
Target audience note 990 <br/>
Source Lexile
521 ## - TARGET AUDIENCE NOTE
Target audience note U <br/>
Source Raz-Plus
650 ## - SUBJECT ADDED ENTRY--TOPICAL TERM
Source of heading or term Science
650 ## - SUBJECT ADDED ENTRY--TOPICAL TERM
Source of heading or term Women
906 ## - LOCAL DATA ELEMENT F, LDF (RLIN)
a 7
b cbc
c orignew
d 4
e epcn
f 20
g y-gencatlg
942 ## - ADDED ENTRY ELEMENTS (KOHA)
Source of classification or shelving scheme Dewey Decimal Classification
Koha item type Books
Suppress in OPAC No
999 ## -
-- 1796
-- 1796
Holdings
Withdrawn status Lost status Source of classification or shelving scheme Damaged status Not for loan Collection Home library Current library Shelving location Date acquired Total Checkouts Full call number Barcode Date last seen Price effective from Koha item type
    Dewey Decimal Classification     Non-Fiction Footprints International School Library Network Toul Kork Campus Footprints International School Library Network Toul Kork Campus   10/02/2023   IGN 509.2 Q141.I33 FISTK05882 10/02/2023 10/02/2023 Books